Central Library OPAC University of Rajshahi

Current issues in environmental and fish biology : (Record no. 14343)

MARC details
000 -LEADER
fixed length control field 00849nam a22002417a 4500
001 - CONTROL NUMBER
control field 14343
003 - CONTROL NUMBER IDENTIFIER
rucl marc code BD-RjUL
005 - DATE AND TIME OF LATEST TRANSACTION
control field 20211208235618.0
008 - FIXED-LENGTH DATA ELEMENTS--GENERAL INFORMATION
fixed length control field 140205t2004 i ao||| |||| 0|1 0 eng d
020 0# - INTERNATIONAL STANDARD BOOK NUMBER
International Standard Book Number 8170353173
035 ## - SYSTEM CONTROL NUMBER
System control number (BD-RjUL)14395
040 ## - CATALOGING SOURCE
Original cataloging agency BD-RjUL
Language of cataloging eng
Transcribing agency BD-RjUL
041 ## - LANGUAGE CODE
Language code of text/sound track or separate title eng
082 14 - DEWEY DECIMAL CLASSIFICATION NUMBER
Edition number 16
Classification number 574.5
Author mark and year CUR 2004
245 1# - TITLE STATEMENT
Title Current issues in environmental and fish biology :
Remainder of title (Proceedings of UGC-DSA national seminar on environmental and fish biology, February 01-03, 2002) /
Statement of responsibility, etc. edited by shelley Bhattacharya ; saument kumar maitra.
260 ## - PUBLICATION, DISTRIBUTION, ETC. (IMPRINT)
Place of publication, distribution, etc. Delhi :
Name of publisher, distributor, etc. Daya Publishing House,
Date of publication, distribution, etc. 2004.
300 ## - PHYSICAL DESCRIPTION
Pagination 221 p. :
Illustrations illus. ;
Size 23 cm.
504 ## - BIBLIOGRAPHY, ETC. NOTE
Bibliography, etc Includes index.
650 1# - SUBJECT ADDED ENTRY--TOPICAL TERM
Topical term or geographic name as entry element Ecology --
Form subdivision Congresses.
9 (RLIN) 44765
700 1# - ADDED ENTRY--PERSONAL NAME
Personal name Bhattacharya , Shlley.
Personal name Maitra, Saumen Kumar.
942 ## - ADDED ENTRY ELEMENTS (KOHA)
Source of classification or shelving scheme Dewey Decimal Classification
Koha item type Books
Holdings
Lost status Source of classification or shelving scheme Damaged status Not for loan Collection code Permanent Location Current Location Shelving location Date acquired Source of acquisition Cost, normal purchase price Total Checkouts Full call number Date last seen Copy number Koha item type
  Dewey Decimal Classification     Non-fiction Central Library, University of Rajshahi Central Library, University of Rajshahi   10/07/2008 Dhaka Progan Enterprise 450.00   574.5 CUR 2004 05/02/2014 C-3 Books
  Dewey Decimal Classification     Non-fiction Central Library, University of Rajshahi Central Library, University of Rajshahi   21/12/2005 Dhaka Progan Enterprise 450.00   574.5 CUR 2004 01/11/2016 C-2 Books
  Dewey Decimal Classification   Not For Loan Non-fiction Central Library, University of Rajshahi Central Library, University of Rajshahi Reading Room 21/12/2005 Paragon Enterprise Lit., Dhaka 450.00   574.5 CUR 2004 13/03/2017 C-1 Books
  Dewey Decimal Classification     Non-fiction Central Library, University of Rajshahi Central Library, University of Rajshahi   10/07/2008 Dhaka : Paragon Interprisees 450.00   574.5 CUR 2004 25/10/2018 C-4 Books